[Event "ch-Skopje"]
[Site "Skopje MKD"]
[Date "2007.06.04"]
[Round "6"]
[White "Dancevski,O"]
[Black "Menkinoski,R"]
[Result "1/2-1/2"]
[WhiteElo "2419"]
[BlackElo "2283"]

1.e4 c5 2.c3 Nf6 3.e5 Nd5 4.d4 cxd4 5.Nf3 e6 6.cxd4 d6 7.Bc4 Nc6 8.O-O Be7
9.Qe2 Nb6 10.Bb3 O-O 11.Nc3 d5 12.Bc2 f5 13.h3 a6 14.Kh2 Bd7 15.Rg1 Be8 16.a3 Rc8
17.g4 Kh8 18.Be3 Nc4 19.Bd3 fxg4 20.hxg4 Rxf3 21.Qxf3 N4xe5 22.dxe5 Nxe5
23.Qe2 d4 24.Bf4 Nxd3 25.Qxd3 dxc3 26.Qxd8 Bxd8 27.bxc3 Rxc3 28.Rgc1 Rxc1
29.Rxc1 Bc6 30.Be5 Kg8 31.Kg3 Kf7 32.f3 Be7 33.Rc3 Bd8 34.Bd6 Ba5 35.Rc4 Be1+
36.Kg2 Bd2 37.Rd4 Be3 38.Rd3 Ba7 39.Kg3 Bd5 40.Rc3 Bc6 41.Rc4 Be3 42.Bf4 Bb6
43.Be5 Be3 44.Bd4 Bd2 45.Bc5 e5 46.Kf2 Bg5 47.Rc3 Ke6 48.Be3 Bh4+ 49.Kg2 g6
50.Rc1 h5 51.gxh5 gxh5 52.Bf2 Be7 53.Bc5 e4 54.f4 Bd8 55.Kg3 Kf5 56.Be3 h4+
57.Kh3 Be7 58.Rc3 Bd6 59.Kxh4 Bd5 60.Kg3 b5 61.Bc1 Bc4 62.Rc2 e3 63.Bxe3 Bxa3
64.Bc1 Bb4 65.Kf3 a5 66.Rh2 Bd5+ 67.Ke3 Bc5+ 68.Kd3 Bc4+ 69.Kc3 Ke4 70.Rh5 Bd4+
71.Kc2 a4 72.Ba3 Bd3+ 73.Kd2 Be3+ 74.Kc3 Bd4+ 75.Kb4 Kxf4 76.Rh4+ Ke5 77.Rxd4  1/2-1/2

[Event "FSGM June"]
[Site "Budapest HUN"]
[Date "2007.06.06"]
[Round "5"]
[White "Vajda,L"]
[Black "Bui Vinh"]
[Result "1-0"]
[WhiteElo "2549"]
[BlackElo "2483"]

1.e4 c5 2.c3 Nf6 3.e5 Nd5 4.d4 cxd4 5.Nf3 e6 6.cxd4 d6 7.Bc4 Nb6 8.Bd3 dxe5
9.dxe5 N8d7 10.Qe2 Nc5 11.Bc2 Nd5 12.O-O Bd7 13.Rd1 Qb6 14.Nc3 Nxc3 15.bxc3 Be7
16.Bg5 h6 17.Bxe7 Kxe7 18.Nd2 Qc7 19.Qh5 g6 20.Qh4+ g5 21.Qg3 Bb5 22.Rab1 Ba6
23.h4 Rhg8 24.hxg5 hxg5 25.c4 Kf8 26.Nf3 Qe7 27.Rd4 Rd8 28.Rg4 Ke8 29.Nxg5 Kd7
30.Nxe6 Rxg4 31.Nxc5+ Qxc5 32.Qxg4+ Kc7 33.Qf4 Qxc4 34.Be4 Qe6 35.Rc1+ Kb8
36.Bf5 Qe8 37.e6+ Ka8 38.exf7 Qxf7 39.Qd6 Qe8 40.Qe6 Kb8 41.g4 Qxe6 42.Bxe6 Re8
43.Bb3 b5 44.g5 Bb7 45.f4 a5 46.g6 a4 47.Bf7 Re2 48.Kf1 Rg2 49.Rc5 Rg4 50.Rxb5 Rxf4+
51.Ke2 Rg4 52.Bd5  1-0

[Event "29th Mem Nezhmetdinov"]
[Site "Kazan RUS"]
[Date "2007.06.07"]
[Round "7"]
[White "Voitsekhovsky,S"]
[Black "Demianjuk,A"]
[Result "1-0"]
[WhiteElo "2503"]
[BlackElo "2316"]

1.e4 c5 2.c3 Nf6 3.e5 Nd5 4.g3 d6 5.exd6 Qxd6 6.Bg2 Nc6 7.Na3 e6 8.Ne2 Be7
9.O-O O-O 10.d4 cxd4 11.Nb5 Qc5 12.Nbxd4 Nxd4 13.Nxd4 Rd8 14.Qe2 a6 15.Rd1 Qc7
16.c4 Nb6 17.b3 Bf6 18.Be3 Bd7 19.Rac1 Be8 20.Qe1 Nd7 21.Qb4 Rab8 22.f4 g6
23.Nb5 Qc8 24.Nd6 Qc7 25.c5 Be7 26.Nxb7 Rbc8 27.Qe1 Nxc5 28.Nxd8  1-0

[Event "TCh-BIH"]
[Site "Vogosca BIH"]
[Date "2007.06.07"]
[Round "6"]
[White "Stevic,H"]
[Black "Zivkovic,Vj"]
[Result "1/2-1/2"]
[WhiteElo "2506"]
[BlackElo "2429"]

1.e4 c5 2.c3 Nf6 3.e5 Nd5 4.d4 cxd4 5.Nf3 Nc6 6.cxd4 d6 7.Bc4 Nb6 8.Bb5 dxe5
9.Nxe5 Bd7 10.Nxd7 Qxd7 11.Nc3 Rd8 12.O-O e6 13.Be3 Be7 14.Qb3 O-O 15.Rfd1 Nd5
16.Nxd5 exd5 17.Rac1 Rc8 18.Qa4 a6 19.Bxc6 Rxc6 20.Rxc6 Qxc6 21.Qxc6  1/2-1/2

[Event "TCh-BIH"]
[Site "Vogosca BIH"]
[Date "2007.06.07"]
[Round "6"]
[White "Ljubicic,F"]
[Black "Vuckovic,Bo"]
[Result "1/2-1/2"]
[WhiteElo "2396"]
[BlackElo "2555"]

1.e4 c5 2.c3 Nf6 3.e5 Nd5 4.d4 cxd4 5.Nf3 Nc6 6.cxd4 d6 7.Bc4 Nb6 8.Bb5 Bd7
9.exd6 e6 10.Bg5 Qb8 11.Nc3 Bxd6 12.O-O O-O 13.Re1 a6  1/2-1/2

[Event "29th Mem Nezhmetdinov"]
[Site "Kazan RUS"]
[Date "2007.06.08"]
[Round "8"]
[White "Bezgodov,A"]
[Black "Amanov,Z"]
[Result "1-0"]
[WhiteElo "2561"]
[BlackElo "2277"]

1.e4 c5 2.c3 Nf6 3.e5 Nd5 4.d4 cxd4 5.Qxd4 e6 6.Nf3 Nc6 7.Qe4 d6 8.Nbd2 dxe5
9.Nxe5 Nxe5 10.Qxe5 Qc7 11.Qxc7 Nxc7 12.g3 Bd7 13.Bg2 O-O-O 14.O-O e5 15.Nb3 Be6
16.f4 exf4 17.Bxf4 Nd5 18.Bg5 f6 19.Rfe1 Bf7 20.Bd2 b6 21.Kh1 h5 22.Nd4 h4
23.g4 h3 24.Bf3 Nc7 25.Bf4 Bd5 26.Bxd5 Nxd5 27.Bg3 Bd6 28.Rad1 Bxg3 29.hxg3 Rd7
30.Nf5 Rhd8 31.Kh2 Kb7 32.Rd4 g6 33.Nh4 Nc7 34.Nf3 Rxd4 35.Nxd4 Rd7 36.Kxh3 b5
37.Kg2 Kb6 38.Rf1 Rd6 39.a3 a5 40.Kf3 b4 41.Ke4 bxc3 42.bxc3 Kc5 43.Nb3+ Kb5
44.Rb1 Ka4 45.Nd4 Kxa3 46.Rb7 Rd7 47.Nb5+ Nxb5 48.Rxd7 Nxc3+ 49.Kd3 Nd1 50.Kc2 Ne3+
51.Kb1 Kb4 52.Rd6 Kc3 53.Rxf6 Nxg4 54.Rxg6 Ne5 55.Rd6 a4 56.Ka2 Kb4 57.Rd5 Nc4
58.g4  1-0

[Event "TCh-BIH"]
[Site "Vogosca BIH"]
[Date "2007.06.08"]
[Round "7"]
[White "Budimir,Bor"]
[Black "Jakovljevic,Vlado"]
[Result "0-1"]
[WhiteElo "2335"]
[BlackElo "2419"]

1.e4 c5 2.c3 Nf6 3.e5 Nd5 4.Nf3 Nc6 5.Bc4 Nb6 6.Bb3 c4 7.Bc2 Qc7 8.Qe2 g5
9.Na3 g4 10.Nb5 Qb8 11.Ng5 Nxe5 12.Nxh7 Nd3+ 13.Bxd3 cxd3 14.Qe4 Rxh7  0-1

[Event "TCh-BIH"]
[Site "Vogosca BIH"]
[Date "2007.06.08"]
[Round "7"]
[White "Bogut,Z"]
[Black "Kovacevic,A"]
[Result "1/2-1/2"]
[WhiteElo "2454"]
[BlackElo "2555"]

1.e4 c5 2.c3 Nf6 3.e5 Nd5 4.g3 d6 5.exd6 e6 6.Bg2 Bxd6 7.Nf3 Nc6 8.O-O O-O
9.d4 cxd4 10.Nxd4 Bd7 11.c4 Nde7 12.Nc3 Be5 13.Be3 Qc8 14.Rc1 Rd8 15.Nf3 Nf5
16.Qe2 Ncd4 17.Bxd4 Bxd4 18.g4 Bxc3 19.Rxc3 Ne7 20.Ne5 Qc7 21.Rh3 Bc6 22.Nxc6 Nxc6
23.Qc2 h6 24.g5 Nd4 25.Qe4 hxg5 26.Qh7+ Kf8 27.Qh8+ Ke7 28.Qxg7 Ne2+ 29.Kh1 Rg8
30.Qh7 Nf4 31.Rb3 Nxg2 32.Qe4 b6 33.Kxg2 Rad8 34.Rf3 Rh8 35.Rg3 Rh4 36.Qe3 f6
37.Re1 Qc6+ 38.Kg1 Kf7 39.b3 Rdd4 40.Rc1 Rhf4 41.Qe2 Qd7 42.Qh5+ Kg7 43.Rf1 Rh4
44.Qe2 Rhe4 45.Qh5 Rh4 46.Qe2 e5 47.a4 a5 48.Rc1 Rd2 49.Qe3 Rf4 50.h4 g4
51.Rg2 Qd4 52.Qxd4 Rfxd4 53.c5 Rd1+ 54.Rxd1 Rxd1+ 55.Kh2 bxc5 56.Rxg4+ Kh6
57.Rc4 Rd5 58.f4 Kh5 59.fxe5 Rxe5 60.Kg2 f5 61.Kf3 Kg6 62.Rc1 Kh5 63.Kf4 Rd5
64.Rc2 Kh6 65.Re2 Rd4+ 66.Kxf5 Rb4 67.Re6+ Kh5 68.Re8 Kh6 69.Re6+ Kg7 70.Rc6 Rxh4
71.Ke6 Rb4 72.Rxc5 Rxb3 73.Rxa5 Rb4 74.Ra8 Rf4 75.a5 Rf6+ 76.Ke5 Rg6 77.Kd5 Kh7
78.Ke4 Rg5 79.a6 Rg6 80.Ra7+ Kh6 81.Ke5 Rg5+ 82.Kf4 Rg6 83.Ra8 Kg7 84.Ke4 Rf6
85.Ke5 Rg6 86.Kf5 Rb6 87.Ra7+ Kh6 88.Ke5 Rg6 89.Ra8 Kh7  1/2-1/2

[Event "National Open"]
[Site "Las Vegas USA"]
[Date "2007.06.09"]
[Round "3"]
[White "Sevillano,E"]
[Black "Vigorito,D"]
[Result "1-0"]
[WhiteElo "2493"]
[BlackElo "2358"]

1.e4 c5 2.c3 Nf6 3.e5 Nd5 4.Nf3 Nc6 5.Bc4 Nb6 6.Bb3 d5 7.exd6 Qxd6 8.d4 cxd4
9.O-O Be6 10.Bxe6 Qxe6 11.Nxd4 Nxd4 12.Qxd4 Rd8 13.Qh4 Qc6 14.Nd2 e6 15.Ne4 Be7
16.Qg4 g6 17.Qe2 O-O 18.b3 Nd5 19.c4 Nf6 20.Bg5 e5 21.Nc3 Bc5 22.Qxe5 Bd4
23.Qg3 Nh5 24.Qh3 f6 25.Bh6 Rfe8 26.Rac1 Bxc3 27.Rxc3 Re2 28.Rd3 Rde8 29.a4 f5
30.Rdd1 Nf6 31.Qc3 R8e4 32.Rd8+ Kf7 33.Rf8+ Ke7 34.Qb4+ Ke6 35.Bg5  1-0

[Event "German Int ch-Youth"]
[Site "Neuhausen GER"]
[Date "2007.06.09"]
[Round "7"]
[White "Mader,Ma"]
[Black "Moranda,W"]
[Result "0-1"]
[WhiteElo "2223"]
[BlackElo "2473"]

1.e4 c5 2.c3 Nf6 3.e5 Nd5 4.Nf3 Nc6 5.Bc4 Nb6 6.Bb3 g6 7.d4 cxd4 8.cxd4 Bg7
9.O-O O-O 10.Nc3 d6 11.Bf4 Bg4 12.exd6 Nxd4 13.dxe7 Qxe7 14.Re1 Qd7 15.Ne4 Bxf3
16.gxf3 Qf5 17.Bd6 Nxf3+ 18.Kh1 Nxe1 19.Qxe1 Rfe8 20.Bc2 Qf3+ 21.Kg1 f5  0-1

[Event "National Open"]
[Site "Las Vegas USA"]
[Date "2007.06.10"]
[Round "6"]
[White "Bryant,J"]
[Black "Simutowe,A"]
[Result "0-1"]
[WhiteElo "2167"]
[BlackElo "2419"]

1.e4 c5 2.c3 Nf6 3.e5 Nd5 4.Nf3 e6 5.d4 cxd4 6.cxd4 b6 7.Bd3 Bb7 8.O-O Nc6
9.Nc3 Ncb4 10.Be2 Nxc3 11.bxc3 Nd5 12.Bd2 Be7 13.c4 Nc7 14.Qb3 O-O 15.Bb4 d6
16.Rfd1 Na6 17.exd6 Nxb4 18.dxe7 Qxe7 19.Ne5 Rfd8 20.Bf3 Bxf3 21.Nxf3 Rac8
22.Rac1 h6 23.Ne5 Nc6 24.Nxc6 Rxc6 25.Rc3 Qc7 26.g3 Rc8 27.Rdc1 Qd8 28.Rd1 Qg5
29.Rdd3 h5 30.h4 Qg4 31.Qc2 Qe4 32.Rd2 Qe1+ 33.Kg2 Rxc4 34.Rxc4 Rxc4 35.Qxc4 Qxd2
36.a4 Qa5 37.Qc8+ Kh7 38.Qc2+ g6 39.Kg1 Kg7 40.Qc4 a6 41.Kh2 Qe1 42.Kg2 a5
43.Kf3 Qd2 44.Ke4 Qxf2 45.Qb3 Qe2+ 46.Kf4 e5+  0-1

[Event "German Int ch-Youth"]
[Site "Neuhausen GER"]
[Date "2007.06.10"]
[Round "9"]
[White "Mader,Ma"]
[Black "Beck,F"]
[Result "1/2-1/2"]
[WhiteElo "2223"]
[BlackElo "2334"]

1.e4 c5 2.c3 Nf6 3.e5 Nd5 4.Nf3 e6 5.Bc4 d6 6.d4 cxd4 7.cxd4 Nb6 8.Bb3 dxe5
9.dxe5 Qxd1+ 10.Bxd1 Bd7 11.O-O Be7 12.Nc3 O-O 13.Bb3 Na6 14.Be3 Nc5 15.Bxc5 Bxc5
16.Ne4 Be7 17.Rfd1 Bc6 18.Nd6 Rab8 19.Nd4 Bd5 20.Bxd5 Nxd5 21.N4f5 Bg5 22.g3 g6
23.Nd4 Rfd8 24.Ne4 Be7 25.Rac1 a6 26.a3 Rbc8 27.Nb3 b6 28.Kg2 h6  1/2-1/2

[Event "11th Master Open"]
[Site "Voronezh RUS"]
[Date "2007.06.12"]
[Round "1"]
[White "Provotorov,I"]
[Black "Bocharov,D"]
[Result "0-1"]
[WhiteElo "2382"]
[BlackElo "2614"]

1.e4 c5 2.c3 Nf6 3.e5 Nd5 4.Nf3 Nc6 5.d4 cxd4 6.Bc4 Nb6 7.Bb3 d6 8.exd6 Qxd6
9.O-O Be6 10.Na3 dxc3 11.Qe2 Bxb3 12.Nb5 Qb8 13.axb3 e6 14.Be3 Nd5 15.Bxa7 Nxa7
16.Nxa7 Bd6 17.Qb5+ Ke7 18.Rfe1 cxb2 19.Rad1 Nc3 20.Qg5+ Kf8  0-1

[Event "11th Master Open"]
[Site "Voronezh RUS"]
[Date "2007.06.13"]
[Round "2"]
[White "Kiselev,G"]
[Black "Smikovski,I"]
[Result "0-1"]
[WhiteElo "2424"]
[BlackElo "2552"]

1.e4 c5 2.c3 Nf6 3.e5 Nd5 4.d4 cxd4 5.Nf3 Nc6 6.cxd4 d6 7.Bc4 Nb6 8.Bb5 dxe5
9.Nxe5 Bd7 10.Nf3 g6 11.Nc3 Bg7 12.O-O O-O 13.Re1 a6 14.Be2 Bf5 15.Be3 Nd5
16.Qd2 Nxe3 17.fxe3 Rc8 18.Rac1 b5 19.Bf1 Qd7 20.Qf2 Qa7 21.h3 h5 22.Red1 Rfd8
23.Rd2 Qb8 24.e4 Bd7 25.e5 Bf5 26.Nh4 Qb6 27.Nxf5 gxf5 28.Rcd1 e6 29.Be2 h4
30.Bh5 Rd7 31.Bf3 Ne7 32.Kh1 Ng6 33.Bh5 Bh6 34.Rc2 Qd8 35.Bxg6 fxg6 36.Re2 b4
37.Na4 Rc4 38.Rc2 Rcxd4 39.Rxd4 Rxd4  0-1

[Event "11th Master Open"]
[Site "Voronezh RUS"]
[Date "2007.06.13"]
[Round "2"]
[White "Kislinsky,A"]
[Black "Vorobiov,E"]
[Result "1/2-1/2"]
[WhiteElo "2472"]
[BlackElo "2580"]

1.e4 c5 2.c3 Nf6 3.e5 Nd5 4.Qf3 e6 5.Qg3 d6 6.f4 g6 7.Nf3 Bh6 8.d3 dxe5 9.Nxe5 Nd7
10.Na3 Bg7 11.Nac4 O-O 12.a4 b6 13.h4 N7f6 14.Be2 h5 15.Qh3 Qc7 16.Rf1 Ba6
17.Bd2 Rad8 18.O-O-O Ne7 19.Rg1 Bxc4 20.Nxc4 Nf5 21.g4 hxg4 22.Bxg4 Nxg4
23.Rxg4 Qd7 24.h5 Qxd3 25.Qxd3 Rxd3 26.hxg6 fxg6  1/2-1/2

[Event "11th Master Open"]
[Site "Voronezh RUS"]
[Date "2007.06.13"]
[Round "2"]
[White "Zaletov,Y"]
[Black "Demianjuk,A"]
[Result "0-1"]
[WhiteElo "2129"]
[BlackElo "2316"]

1.e4 c5 2.c3 Nf6 3.e5 Nd5 4.d4 cxd4 5.Nf3 Nc6 6.Bc4 Nb6 7.Bb3 d5 8.exd6 Qxd6
9.O-O Be6 10.Bxe6 Qxe6 11.Nxd4 Nxd4 12.Qxd4 Rd8 13.Qh4 Qe2 14.Bd2 e6 15.Re1 Qb5
16.b3 Qf5 17.Qg3 h5 18.h3 h4 19.Qf4 Qxf4 20.Bxf4 Rd3 21.Be3 Be7 22.Bd4 Bf6
23.Bxf6 gxf6 24.c4 Ke7 25.Na3 f5 26.Nc2 a5 27.Re5 f4 28.Ne1 Rd7 29.Rxa5 Rhd8
30.Nf3 Rd1+ 31.Rxd1 Rxd1+ 32.Kh2 Nd7 33.Rb5 b6 34.Nxh4 Rd2 35.a4 Rxf2 36.Nf3 f6
37.a5 bxa5 38.Rxa5 e5 39.Kg1 Rb2 40.Rb5 e4 41.Nd4 Ne5 42.Nf5+ Ke6 43.Nd4+ Kf7
44.Rb7+ Kg6 45.c5 e3 46.c6 Nxc6 47.Nxc6 Rb1+ 48.Kh2 e2 49.Re7 e1=Q 50.Rxe1 Rxe1
51.Nd4 Rd1 52.Nf3 Rd3 53.b4 Rb3 54.Kg1 Rxb4  0-1

[Event "Salongernas IM"]
[Site "Stockholm SWE"]
[Date "2007.06.14"]
[Round "6"]
[White "Gamback,B"]
[Black "Blomqvist,E"]
[Result "1-0"]
[WhiteElo "2221"]
[BlackElo "2291"]

1.e4 c5 2.c3 Nf6 3.e5 Nd5 4.d4 cxd4 5.Nf3 Nc6 6.Bc4 Nb6 7.Bb3 d6 8.exd6 Qxd6
9.O-O Be6 10.Bxe6 Qxe6 11.Nxd4 Nxd4 12.Qxd4 Rd8 13.Qh4 Qc6 14.Nd2 e6 15.Nf3 Be7
16.Bg5 f6 17.Be3 O-O 18.Nd4 Qd7 19.Qe4 Kf7 20.Rae1 f5 21.Qxe6+  1-0

[Event "11th Master Open"]
[Site "Voronezh RUS"]
[Date "2007.06.14"]
[Round "3"]
[White "Petukhov,D"]
[Black "Serjakov,D"]
[Result "1-0"]
[WhiteElo "2375"]
[BlackElo "2287"]

1.e4 c5 2.c3 Nf6 3.e5 Nd5 4.d4 cxd4 5.Nf3 Nc6 6.Bc4 Nb6 7.Bb3 d5 8.exd6 Qxd6
9.O-O Be6 10.Na3 dxc3 11.Nb5 Qxd1 12.Rxd1 Rc8 13.Bxe6 fxe6 14.Nxc3 g6 15.Re1 Bg7
16.Rxe6 O-O 17.Rb1 Rcd8 18.Bg5 Rd6 19.Ree1 Bf6 20.Ne4 Rd5 21.h4 Nc4 22.b3 N4e5
23.Nxe5 Bxe5 24.Rbc1 Bd4 25.Be3 e5 26.Nc5 Rxc5 27.Rxc5 Bxc5 28.Bxc5 Rd8 29.Be3 Kf7
30.f3 a6 31.Kf2 Rd5 32.Rc1 Ke6 33.Ke2 Ra5 34.a4 Rd5 35.Rc4 Kd6 36.h5 gxh5
37.Rh4 Nd4+ 38.Bxd4 exd4 39.Kd3 Kc5 40.b4+ Kc6 41.Rxd4 Rg5 42.Rc4+ Kd6 43.Rc2 h4
44.Ke4 Rg3 45.Rd2+ Ke6 46.Kf4 h6 47.a5 Rg5 48.Ke3 h3 49.gxh3 Rh5 50.Rg2 Rxh3
51.Rg7 Kd5 52.Rxb7 Rh4 53.Rb6 h5 54.Rxa6 Rxb4 55.Rb6 Rh4 56.Rb1 Kc6 57.Ra1 Kb7
58.a6+ Ka7 59.f4 Rh2 60.f5 Rh3+ 61.Ke4 Rh2  1-0

[Event "11th Master Open"]
[Site "Voronezh RUS"]
[Date "2007.06.14"]
[Round "3"]
[White "Pogosian,G"]
[Black "Sjugirov,S"]
[Result "0-1"]
[WhiteElo "2251"]
[BlackElo "2395"]

1.e4 c5 2.c3 Nf6 3.e5 Nd5 4.d4 cxd4 5.Nf3 e6 6.cxd4 b6 7.Bd3 Ba6 8.O-O Qc8
9.a3 h6 10.Re1 Be7 11.Be4 Bb7 12.Bd2 Na6 13.Nc3 Nac7 14.Rc1 Nxc3 15.Rxc3 Bxe4
16.Rxe4 Qb7 17.Rg4 Bf8 18.Ne1 Nd5 19.Qf3 Rb8 20.Rc1 Rc8 21.Nd3 Rxc1+ 22.Bxc1 Qc6
23.Qd1 g6 24.Be3 Bg7 25.Qd2 a5 26.h3 d6 27.exd6 Qxd6 28.Ne5 h5 29.Re4 Nf6
30.Rf4 O-O 31.Rf3 Nd7 32.Nc4 Qd5 33.b3 a4 34.Bh6 Bxh6 35.Qxh6 axb3 36.Ne3 Qxd4  0-1

[Event "11th Master Open"]
[Site "Voronezh RUS"]
[Date "2007.06.15"]
[Round "4"]
[White "Zaletov,Y"]
[Black "Stukopin,A"]
[Result "0-1"]
[WhiteElo "2129"]
[BlackElo "2307"]

1.e4 c5 2.c3 Nf6 3.e5 Nd5 4.d4 cxd4 5.Nf3 e6 6.cxd4 b6 7.Nc3 Nxc3 8.bxc3 Qc7
9.Bd2 Bb7 10.Bd3 d6 11.O-O Nd7 12.Re1 dxe5 13.Nxe5 Nxe5 14.Rxe5 Bd6 15.Rh5 g6
16.Bb5+ Bc6 17.Bxc6+ Qxc6 18.Rh3 O-O 19.Bg5 f6 20.Bd2 Rac8 21.Qg4 Qc4 22.Rh6 Rf7
23.Qh3 Qe2 24.Be3 Qb2 25.Rd1 Qxa2 26.d5 Re8 27.Qg4 Bf8 28.dxe6 Qxe6 29.Qxe6 Rxe6
30.Rh4 Rc6 31.Bd4 Rd7 32.Re4 Rxc3 33.Rde1 Rc4  0-1

[Event "11th Master Open"]
[Site "Voronezh RUS"]
[Date "2007.06.15"]
[Round "4"]
[White "Kislinsky,A"]
[Black "Petukhov,D"]
[Result "1-0"]
[WhiteElo "2472"]
[BlackElo "2375"]

1.e4 c5 2.c3 Nf6 3.e5 Nd5 4.Nf3 Nc6 5.Bc4 Nb6 6.Bb3 c4 7.Bc2 Qc7 8.Qe2 g5
9.Na3 g4 10.Nb5 Qb8 11.Ng5 Nxe5 12.O-O a6 13.Nd4 h6 14.Ne4 d5 15.Ng3 Qc7
16.f4 Nc6 17.Nh5 Nxd4 18.cxd4 Nd7 19.d3 b5 20.dxc4 dxc4 21.f5 Bb7 22.a4 O-O-O
23.axb5 axb5 24.Bf4 Qb6 25.Kh1 Nf6 26.Nxf6 exf6 27.b3 Bd6 28.Bxd6 Rxd6 29.Be4 Re8
30.Bxb7+ Kxb7 31.Qxg4 Qxd4 32.Qh5 Re7 33.bxc4 Qxc4 34.Qf3+ Qe4 35.Rae1  1-0

[Event "Salongernas IM"]
[Site "Stockholm SWE"]
[Date "2007.06.16"]
[Round "8"]
[White "Gamback,B"]
[Black "Mikkelsen,N"]
[Result "1/2-1/2"]
[WhiteElo "2221"]
[BlackElo "2294"]

1.e4 c5 2.c3 Nf6 3.e5 Nd5 4.d4 cxd4 5.Nf3 Nc6 6.Bc4 Nb6 7.Bb3 d5 8.exd6 Qxd6
9.O-O Bf5 10.cxd4 e6 11.Nc3 Be7 12.d5 Nxd5 13.Nxd5 exd5 14.Qxd5 Qxd5 15.Bxd5 O-O
16.Be3 Bf6 17.Bxc6 bxc6 18.Bd4 Bxd4 19.Nxd4 Be4 20.Rac1 Rfc8 21.Rfe1 Bd5
22.Nf5 Kf8 23.Ne7 Re8 24.Nxd5 Rxe1+ 25.Rxe1 cxd5 26.Kf1 Rc8 27.Rd1 Rd8 28.Ke2 Ke7
29.Kd3 Kd6 30.Rc1 Rb8 31.Rc2 g5 32.Re2 Rc8 33.Rc2 Re8 34.Rc3 Re7 35.Ra3 Rb7
36.Kd4 Rxb2 37.Ra6+ Ke7 38.Rxa7+ Kf6 39.Ke3 d4+ 40.Kf3 Ke6 41.Ra5 g4+ 42.Kxg4 Rxf2
43.Kg3 Rf1 44.Ra3 f5 45.Rf3 Rc1 46.Rf2 Re1 47.Rb2 Kd5 48.Kf2 Re7 49.Re2 Re4
50.a4 Rf4+ 51.Ke1 d3 52.Ra2 Kd4 53.a5 Ke3 54.a6 Rb4 55.Ra1 Rf4 56.Ra3 Rb4
57.Ra1  1/2-1/2

[Event "III Perla Baltyku A"]
[Site "Mielno POL"]
[Date "2007.06.19"]
[Round "2"]
[White "Banach,W"]
[Black "Mickiewicz,P"]
[Result "0-1"]
[WhiteElo "2114"]
[BlackElo "2271"]

1.e4 c5 2.c3 Nf6 3.e5 Nd5 4.d4 cxd4 5.Qxd4 e6 6.Qe4 f5 7.Qe2 Nc6 8.Nf3 d6
9.c4 Nc7 10.Bg5 Be7 11.Bxe7 Qxe7 12.Nc3 O-O 13.O-O-O d5 14.Qe3 Rd8 15.Nd4 Nxd4
16.Rxd4 Bd7 17.Be2 dxc4 18.Bxc4 Bc6 19.Rhd1 Rxd4 20.Qxd4 Bxg2 21.Qd7 Qxd7
22.Rxd7 Rc8 23.Kd2 Bc6 24.Rd6 Kf7 25.b4 Ke7 26.a4 g5 27.b5 Bd7 28.a5 Ne8
29.Rd4 Rc5 30.f4 gxf4 31.Rxf4 Rxe5 32.Kd3 Nf6 33.Kd4 Kd6 34.Rh4 h5 35.Rh3 Re1
36.Rg3 Ng4 37.h3 h4 38.Rg2 e5+ 39.Kd3 Re3+  0-1

[Event "11th Master Open"]
[Site "Voronezh RUS"]
[Date "2007.06.20"]
[Round "8"]
[White "Chekhov,S"]
[Black "Stukopin,A"]
[Result "0-1"]
[WhiteElo "2227"]
[BlackElo "2307"]

1.e4 c5 2.c3 Nf6 3.e5 Nd5 4.d4 cxd4 5.Nf3 e6 6.cxd4 b6 7.Nc3 Nxc3 8.bxc3 Qc7
9.Be2 Qxc3+ 10.Bd2 Qc7 11.O-O Be7 12.Rc1 Qd8 13.Bg5 Nc6 14.h4 h6 15.Bxe7 Nxe7
16.Nd2 O-O 17.Ne4 Nf5 18.g3 d6 19.exd6 Nxd6 20.Nxd6 Qxd6 21.Bf3 Rb8 22.d5 Bb7
23.dxe6 Qxe6 24.Bxb7 Rxb7 25.Qb3 Qxb3 26.axb3 Rd8 27.Rfd1 Rbd7 28.Re1 Rd3
29.b4 g6 30.Kg2 h5 31.Rc7 R8d7 32.Re7 Rxe7 33.Rxe7 Rb3 34.Rxa7 Rxb4 35.Rb7 Rb3
36.Rb8+ Kg7 37.Rb7 Kf6 38.Kf1 Rb2 39.Kg2 b5 40.Kf3 Ke6 41.Ke3 Rb1 42.Ke4 b4
43.Rb6+ Ke7 44.Kd3 Rb3+ 45.Ke2 Rb2+ 46.Kf3 b3 47.Ke3 Kd7 48.Rf6 Ke7 49.Rb6 Rb1
50.Kd2 Rb2+ 51.Ke3 Kd7 52.Rf6 Ke8 53.Rb6 Ke7 54.Ke4 Kd7 55.Ke3 Kc7 56.Rf6 Re2+
57.Kxe2 b2 58.Rxf7+ Kc6 59.Kf3 b1=Q 60.Kg2 Kd6  0-1

[Event "11th Master Open"]
[Site "Voronezh RUS"]
[Date "2007.06.20"]
[Round "8"]
[White "Deviatkin,A"]
[Black "Bryzgalin,K"]
[Result "1-0"]
[WhiteElo "2541"]
[BlackElo "2475"]

1.e4 c5 2.c3 Nf6 3.e5 Nd5 4.g3 d6 5.exd6 Qxd6 6.Bg2 Nc6 7.Ne2 Bf5 8.d4 O-O-O
9.O-O e6 10.Na3 Be7 11.Nc4 Qc7 12.Ne3 Nxe3 13.Bxe3 g5 14.Qa4 Bd3 15.Rfe1 Qb6
16.d5 exd5 17.Bxg5 f6 18.Be3 Qxb2 19.Qg4+ f5 20.Qh5 Bxe2 21.Qxe2 Qxe2 22.Rxe2 Bf6
23.Rc1 b6 24.Bf4 Rhf8 25.Re6 Ne7 26.Rce1 Ng6 27.Bd2 Kc7 28.h4 Rd6 29.R6e2 Rd7
30.h5 Ne7 31.Re6 Rf7 32.a4 c4 33.Rb1 d4 34.a5 dxc3 35.axb6+ axb6 36.Bf4+ Kd8
37.Rbxb6 c2 38.Rb8+ Nc8 39.Bc6 c1=Q+ 40.Bxc1 Rd1+ 41.Kg2 Rxc1 42.Re8+ Kc7
43.Rb7+ Kxc6 44.Rxf7 Nd6 45.Rxf6 Rd1 46.Rh6 Kc5 47.Re3  1-0

[Event "XXV Balaton GM"]
[Site "Balatonlelle HUN"]
[Date "2007.06.21"]
[Round "6"]
[White "Vajda,L"]
[Black "Lindberg,Be"]
[Result "1-0"]
[WhiteElo "2549"]
[BlackElo "2443"]

1.e4 c5 2.c3 Nf6 3.e5 Nd5 4.d4 cxd4 5.Nf3 e6 6.cxd4 d6 7.Bc4 Nc6 8.O-O Be7
9.Qe2 O-O 10.Nc3 dxe5 11.dxe5 Nxc3 12.bxc3 Qa5 13.Bd2 Rd8 14.Rfe1 Bd7 15.h4 Qa4
16.Bd3 h6 17.Qf1 Be8 18.Re4 Qa5 19.Qe2 Bf8 20.h5 Ne7 21.Nd4 Kh8 22.Rf4 Qd5
23.Bc4 Qd7 24.Bxe6 fxe6 25.Rxf8+ Ng8 26.Qg4 Bf7 27.Rxd8 Rxd8 28.Rb1 Ne7 29.Qf3 Nc6
30.Nxc6 bxc6 31.Be3 Bg8 32.Bc5 Qd5 33.Qxd5 Rxd5 34.Bxa7 Rxe5 35.a4 Rxh5 36.Ra1 Ra5
37.Bb6 Ra6 38.a5 Bf7 39.Rd1 e5 40.Re1 Ra8 41.Rxe5 Kg8 42.Re7 Bc4 43.f3 Kf8
44.Rc7 Bb5 45.Kf2 Kg8 46.Re7 Kf8 47.Rc7 Kg8 48.g4 Rf8 49.Bc5 Ra8 50.Bd4 g5
51.Bb6 Rf8 52.Bc5 Rf7 53.Rc8+ Kh7 54.Ra8 h5 55.a6 hxg4 56.a7 Rxf3+ 57.Ke1  1-0

[Event "Open"]
[Site "Pula CRO"]
[Date "2007.06.23"]
[Round "1"]
[White "Skok,J"]
[Black "Stevic,H"]
[Result "0-1"]
[WhiteElo "2058"]
[BlackElo "2506"]

1.e4 c5 2.c3 Nf6 3.e5 Nd5 4.Nf3 Nc6 5.Bc4 e6 6.O-O d6 7.d4 cxd4 8.cxd4 Be7
9.Qe2 O-O 10.Rd1 Bd7 11.Nc3 Nxc3 12.bxc3 dxe5 13.Nxe5 Nxe5 14.Qxe5 Rc8 15.Bd3 Rxc3
16.Qe4 g6 17.Bh6 Re8 18.Qxb7 Ba4 19.Bb5 Rc7 20.Qa6 Bxb5 21.Qxb5 Rd7 22.Rac1 Bf6
23.Be3 Kg7 24.h3 Ree7 25.Rc4 Rd5 26.Rc5 Red7 27.Qc4 e5 28.Rc8 Qa5 29.Qc6 g5
30.h4 h6 31.hxg5 hxg5 32.Rc1 exd4 33.Qa8 Rd8 34.R1c7 Qxc7  0-1

[Event "Open"]
[Site "Pula CRO"]
[Date "2007.06.26"]
[Round "5"]
[White "Ljubicic,F"]
[Black "Lie,K"]
[Result "0-1"]
[WhiteElo "2396"]
[BlackElo "2529"]

1.e4 c5 2.c3 Nf6 3.e5 Nd5 4.d4 cxd4 5.Nf3 e6 6.cxd4 d6 7.Bc4 Nc6 8.O-O Be7
9.Qe2 O-O 10.Rd1 Na5 11.Bxd5 exd5 12.Nc3 Be6 13.Bf4 a6 14.Rac1 b5 15.exd6 Bxd6
16.Bxd6 Qxd6 17.Ne5 Rac8 18.Qd2 Nc4 19.Nxc4 dxc4 20.Ne4 Qd5 21.Nc5 Rc6 22.Qe3 Rd8
23.f3 Bf5 24.b3 cxb3 25.axb3 h5 26.b4 Rg6 27.Rd2 h4 28.Re1 h3 29.g3 Qc4 30.Red1 Qxb4
31.Qe7 Rc8 32.Qe5 Rf6 33.g4 Bg6 34.f4 Rfc6 35.f5 f6 36.Qg3 Bf7 37.Qxh3 a5
38.Qf3 a4 39.Rd3 Rd6 40.Qg3 Rcd8 41.Nb7 Rxd4 42.Nxd8 Rxg4 43.Ne6 Bxe6 44.fxe6 Qc5+
45.Kf1 Rxg3 46.hxg3 Qf5+ 47.Kg2 Qe4+ 48.Kf2 Qxe6  0-1

[Event "King's Gambit A"]
[Site "Lipetsk RUS"]
[Date "2007.06.28"]
[Round "9"]
[White "Airapetian,G"]
[Black "Sjugirov,S"]
[Result "0-1"]
[WhiteElo "2336"]
[BlackElo "2395"]

1.e4 c5 2.c3 Nf6 3.e5 Nd5 4.Nf3 Nc6 5.Bc4 Nb6 6.Bb3 d5 7.exd6 c4 8.Bc2 e5
9.O-O Bxd6 10.d3 cxd3 11.Qxd3 h6 12.Rd1 Bc7 13.Qe4 Qe7 14.Nh4 g6 15.g3 Be6
16.Qe2 Qf6 17.Na3 a6 18.Be4 Kf8 19.b4 Kg7 20.b5 axb5 21.Nxb5 Bb8 22.Be3 Nc4
23.Bc5 Rc8 24.a4 Ra6 25.Ng2 N6a5 26.Bb4 Nc6 27.Ne3 Nxe3 28.fxe3 Nxb4 29.Bxb7 Rc4
30.cxb4 Rb6 31.Bd5 Rxb4 32.e4 Bxd5 33.Rxd5 Qc6 34.Qd3 Ra6 35.Rd7 Qc8 36.Kh1 Rf6
37.Rf1 Qc6 38.Rxf6 Qxf6 39.Nc3 Qf2 40.Qe2 Qxe2 41.Nxe2 Rxa4 42.Nc3 Rc4 43.Nb5 Rb4
44.Nc3 Rd4 45.Rb7 Bd6 46.Kg2 Rc4 47.Rb3 Bb4 48.Nd5 Bf8 49.Kf3 Rd4 50.g4 Rd2
51.h3 Bc5 52.Ne3 Rh2 53.Kg3 Re2 54.Kf3 Rxe3+ 55.Rxe3 Bxe3 56.Kxe3 Kf6 57.h4 Ke6
58.g5 hxg5 59.hxg5 f5 60.gxf6 Kxf6 61.Kf3 Kg5  0-1

[Event "White Nights"]
[Site "St Petersburg RUS"]
[Date "2007.06.28"]
[Round "4"]
[White "Anosov,S"]
[Black "Bazeev,G"]
[Result "0-1"]
[WhiteElo "2004"]
[BlackElo "2179"]

1.e4 c5 2.c3 Nf6 3.e5 Nd5 4.d4 cxd4 5.Nf3 Nc6 6.Bc4 e6 7.cxd4 d6 8.O-O Be7
9.Re1 O-O 10.Nc3 Nxc3 11.bxc3 dxe5 12.Nxe5 Nxe5 13.Rxe5 Bf6 14.Rb5 a6 15.Rb3 e5
16.Be3 b5 17.Bd3 Be6 18.Rb2 g6 19.Be4 Rc8 20.d5 Bd7 21.Qd2 Qa5 22.Rb4 Qc7
23.Rc1 Be7 24.Rb3 Bd6 25.Bh6 Rfe8 26.Bb1 a5 27.Bd3 b4 28.cxb4 Qxc1+ 29.Qxc1 Rxc1+
30.Bxc1 Bxb4 31.Rb2 e4 32.Bb1 Re5 33.Bh6 Rxd5 34.h3 Rd1+ 35.Kh2 f5 36.Bc2 Rd6
37.a3 Bxa3 38.Rb8+ Kf7 39.Bf8 Bc5 40.Bb3+ Be6 41.Bxe6+ Kxe6 42.Re8+ Kd7 43.Bxd6  0-1